Cuatro patas, pelos y cola /

Detalles Bibliográficos
Autor principal: Rojas Arbeláez, Claudia Patricia (Autor)
Otros Autores: Agredo Ramos, Andrés Fabián (Ilustrador)
Formato: Electrónico eBook
Lenguaje:español
Publicado: Cali, Valle del Cauca, Colombia : Programa Editorial Universidad Autónoma de Occidente, [2021]
Materias:
Acceso en línea:Digitalia Hispánica

MARC

LEADER 00000nam a2200000Ii 4500
001 DIGUAOCCTE0072
003 NyNyDIG
007 cr |||||||||||
008 230114s2021 ck a o 000 j spa d
006 m o d
020 |a 9789586190848  |q epdf 
020 |a 9789586190831  |q ePub 
020 |z 9789586190855  |q impreso 
035 |a (OCoLC)1319076280 
040 |a DGITA  |b eng  |e rda  |e pn  |c DGITA 
050 1 4 |a PQ6718.O525 ebook 
100 1 |a Rojas Arbeláez, Claudia Patricia,  |e author. 
245 1 0 |a Cuatro patas, pelos y cola /  |c escrito por, Kaya Rojas Arbeláez ; Ilustrado por, Andrés F. Agredo Ramos. 
264 1 |a Cali, Valle del Cauca, Colombia :  |b Programa Editorial Universidad Autónoma de Occidente,  |c [2021] 
300 |a 1 online resource :  |b illustrations. 
336 |a text  |b txt  |2 rdacontent 
337 |a computer  |b c  |2 rdamedia 
338 |a online resource  |b cr  |2 rdacarrier 
347 |a text file  |2 rdaft 
347 |b PDF 
588 0 |a Online resource; title from PDF title page (Digitalia, viewed January 14, 2023) 
650 0 |a Pets  |v Juvenile fiction. 
655 7 |a Short stories.  |2 lcgft 
700 1 |a Agredo Ramos, Andrés Fabián,  |e illustrator. 
791 2 |a Digitalia (Firm),  |e distributor. 
793 0 |g Digitalia eBook Collection:  |a Universidad Autónoma de Occidente 
776 0 8 |i Print version:  |a Rojas Arbeláez, Claudia Patricia.  |t Cuatro patas, pelos y cola.  |b Primera edición.  |d Cali, Valle del Cauca, Colombia : Programa Editorial Universidad Autónoma de Occidente, [2021]  |z 9789586190855 
856 4 0 |3 Digitalia Hispánica  |u https://www.digitaliapublishing.com/a/115672/ 
910 |a Premium collection: 2023